[Event "DVM U20w 2017"]
[Site "Düsseldorf GER"]
[Date "2017.12.28"]
[Round "3"]
[White "Halas, Julia"]
[Black "Wolff, Marie Antoinette"]
[Result "1-0"]
[Termination "normal"]
[Board "1.1"]
[WhiteElo "1901"]
[BlackElo "1744"]
[WhiteClock "00:08:51"]
[BlackClock "00:06:49"]
[WhiteTeam "SG Leipzig"]
[BlackTeam "Leegebrucher SF"]
[PlyCount "85"]
[WhiteFideId "12931810"]
[BlackFideId "12908258"]
[EventCountry "GER"]
[EventRounds "7"]
[EventType "team-round robin"]
[EventDate "2017.12.26"]

1. d4 {[%clk 1:30:57]} Nf6 {[%clk 1:30:42]} 2. c4 {[%clk 1:31:20]} c5 {[%clk
1:31:05]} 3. d5 {[%clk 1:31:41]} b5 {[%clk 1:31:16]} 4. cxb5 {[%clk 1:32:04]}
a6 {[%clk 1:31:39]} 5. b6 {[%clk 1:32:29]} Qxb6 {[%clk 1:31:22]} 6. Nc3 {[%clk
1:32:50]} g6 {[%clk 1:30:12]} 7. e4 {[%clk 1:33:02]} d6 {[%clk 1:30:34]} 8. Nf3
{[%clk 1:33:25]} Bg7 {[%clk 1:30:45]} 9. Be2 {[%clk 1:33:41]} O-O {[%clk
1:30:58]} 10. O-O {[%clk 1:32:45]} a5 {[%clk 1:25:07]} 11. Nd2 {[%clk 1:25:09]}
Ba6 {[%clk 1:24:06]} 12. a4 {[%clk 1:19:32]} Bxe2 {[%clk 1:22:04]} 13. Qxe2
{[%clk 1:19:53]} Nbd7 {[%clk 1:21:09]} 14. Nc4 {[%clk 1:04:54]} Qb7 {[%clk
1:20:22]} 15. Ra3 {[%clk 1:00:09]} Ne8 {[%clk 1:13:08]} 16. Bf4 {[%clk
0:54:28]} Nc7 {[%clk 1:10:02]} 17. Rd1 {[%clk 0:47:56]} Rfb8 {[%clk 0:58:12]}
18. e5 {[%clk 0:44:47]} dxe5 {[%clk 0:58:17]} 19. Nxe5 {[%clk 0:40:42]} Nxe5
{[%clk 0:58:02]} 20. Bxe5 {[%clk 0:40:46]} Bxe5 {[%clk 0:57:24]} 21. Qxe5
{[%clk 0:41:08]} Qxb2 {[%clk 0:57:32]} 22. Ra2 {[%clk 0:41:15]} Qb3 {[%clk
0:56:18]} 23. g3 {[%clk 0:32:37]} Na6 {[%clk 0:52:47]} 24. Raa1 {[%clk
0:27:10]} Re8 {[%clk 0:42:45]} 25. Nb5 {[%clk 0:25:38]} Rad8 {[%clk 0:40:19]}
26. Rd2 {[%clk 0:22:07]} Qf3 {[%clk 0:28:40]} 27. Ra3 {[%clk 0:19:18]} Qg4
{[%clk 0:28:09]} 28. Kg2 {[%clk 0:18:02]} Rd7 {[%clk 0:23:02]} 29. h3 {[%clk
0:09:28]} Qb4 {[%clk 0:20:44]} 30. Rb2 {[%clk 0:08:58]} Qc4 {[%clk 0:16:25]}
31. d6 {[%clk 0:09:12]} f6 {[%clk 0:15:38]} 32. Qe1 {[%clk 0:08:17]} Nb4 {[%clk
0:10:03]} 33. Nc7 {[%clk 0:08:09]} Rxc7 {[%clk 0:09:54]} 34. dxc7 {[%clk
0:08:29]} Nd3 {[%clk 0:10:10]} 35. Rxd3 {[%clk 0:08:44]} Qxd3 {[%clk 0:10:33]}
36. Qe6+ {[%clk 0:08:54]} Kg7 {[%clk 0:10:15]} 37. c8=Q {[%clk 0:09:02]} Rxc8
{[%clk 0:10:01]} 38. Qxc8 {[%clk 0:09:26]} c4 {[%clk 0:09:21]} 39. Qe6 {[%clk
0:09:15]} Qa3 {[%clk 0:06:40]} 40. Rb7 {[%clk 0:07:57]} Kf8 {[%clk 0:06:10]}
41. Rb8+ {[%clk 0:08:12]} Kg7 {[%clk 0:06:31]} 42. Rg8+ {[%clk 0:08:28]} Kh6
{[%clk 0:06:49]} 43. Qe3+ {[%clk 0:08:51]} 1-0

[Event "DVM U20w 2017"]
[Site "Düsseldorf GER"]
[Date "2017.12.28"]
[Round "3"]
[White "Schiewe, Nadin"]
[Black "Halas, Lena"]
[Result "1/2-1/2"]
[Termination "normal"]
[Board "1.2"]
[WhiteElo "1498"]
[BlackElo "1786"]
[WhiteClock "00:35:32"]
[BlackClock "00:12:27"]
[WhiteTeam "Leegebrucher SF"]
[BlackTeam "SG Leipzig"]
[PlyCount "69"]
[WhiteFideId "16209079"]
[BlackFideId "12931799"]
[EventCountry "GER"]
[EventRounds "7"]
[EventType "team-round robin"]
[EventDate "2017.12.26"]

1. e4 {[%clk 1:30:58]} c6 {[%clk 1:30:53]} 2. d4 {[%clk 1:31:16]} d5 {[%clk
1:31:17]} 3. exd5 {[%clk 1:31:31]} cxd5 {[%clk 1:31:39]} 4. Bd3 {[%clk
1:31:50]} Nf6 {[%clk 1:31:34]} 5. h3 {[%clk 1:31:54]} Nc6 {[%clk 1:31:38]} 6.
c3 {[%clk 1:31:08]} g6 {[%clk 1:31:52]} 7. Bf4 {[%clk 1:30:30]} Bg7 {[%clk
1:31:40]} 8. Nd2 {[%clk 1:30:00]} Qb6 {[%clk 1:30:17]} 9. Qb3 {[%clk 1:29:14]}
Qa5 {[%clk 1:21:15]} 10. Ngf3 {[%clk 1:27:05]} O-O {[%clk 1:20:36]} 11. O-O
{[%clk 1:26:05]} a6 {[%clk 1:18:51]} 12. a4 {[%clk 1:20:49]} Qd8 {[%clk
1:15:10]} 13. Rfe1 {[%clk 1:19:02]} Na5 {[%clk 1:01:24]} 14. Qa3 {[%clk
1:15:31]} Re8 {[%clk 0:53:47]} 15. Ne5 {[%clk 1:12:44]} Be6 {[%clk 0:52:30]}
16. b4 {[%clk 1:07:40]} Nc6 {[%clk 0:51:37]} 17. Nxc6 {[%clk 1:06:17]} bxc6
{[%clk 0:51:56]} 18. a5 {[%clk 1:05:25]} Qd7 {[%clk 0:50:46]} 19. Nb3 {[%clk
1:02:12]} Ne4 {[%clk 0:46:13]} 20. Bxe4 {[%clk 0:56:35]} dxe4 {[%clk 0:46:32]}
21. Nc5 {[%clk 0:52:43]} Qd5 {[%clk 0:45:58]} 22. Rxe4 {[%clk 0:51:03]} Bf5
{[%clk 0:45:31]} 23. Re3 {[%clk 0:49:26]} e5 {[%clk 0:25:32]} 24. Bxe5 {[%clk
0:48:31]} Bxe5 {[%clk 0:25:50]} 25. Rxe5 {[%clk 0:48:46]} Rxe5 {[%clk 0:25:44]}
26. dxe5 {[%clk 0:49:09]} Qxe5 {[%clk 0:25:59]} 27. Qb3 {[%clk 0:45:52]} Qf4
{[%clk 0:22:56]} 28. Rd1 {[%clk 0:43:53]} Qg5 {[%clk 0:21:24]} 29. Kh1 {[%clk
0:42:38]} Qf4 {[%clk 0:21:09]} 30. Qb2 {[%clk 0:37:24]} Bxh3 {[%clk 0:19:53]}
31. Qd2 {[%clk 0:34:23]} Bxg2+ {[%clk 0:11:40]} 32. Kxg2 {[%clk 0:34:44]} Qg4+
{[%clk 0:12:05]} 33. Kh1 {[%clk 0:34:54]} Qh3+ {[%clk 0:12:02]} 34. Kg1 {[%clk
0:35:18]} Qg4+ {[%clk 0:12:27]} 35. Kh1 {[%clk 0:35:32]} 1/2-1/2

[Event "DVM U20w 2017"]
[Site "Düsseldorf GER"]
[Date "2017.12.28"]
[Round "3"]
[White "Hartewig, Anja"]
[Black "Jacoby, Angelina"]
[Result "1/2-1/2"]
[Termination "normal"]
[Board "1.3"]
[WhiteElo "1779"]
[BlackElo "1167"]
[WhiteClock "00:02:57"]
[BlackClock "00:04:07"]
[WhiteTeam "SG Leipzig"]
[BlackTeam "Leegebrucher SF"]
[PlyCount "86"]
[WhiteFideId "12917966"]
[BlackFideId "12999008"]
[EventCountry "GER"]
[EventRounds "7"]
[EventType "team-round robin"]
[EventDate "2017.12.26"]

1. d4 {[%clk 1:30:57]} g6 {[%clk 1:30:45]} 2. c4 {[%clk 1:30:55]} Bg7 {[%clk
1:31:02]} 3. Nf3 {[%clk 1:30:45]} d6 {[%clk 1:30:24]} 4. g3 {[%clk 1:28:37]} b6
{[%clk 1:27:25]} 5. Bg2 {[%clk 1:27:00]} Bb7 {[%clk 1:27:06]} 6. O-O {[%clk
1:25:35]} Nd7 {[%clk 1:26:02]} 7. Nc3 {[%clk 1:18:52]} h6 {[%clk 1:26:00]} 8.
Qc2 {[%clk 1:09:48]} e6 {[%clk 1:24:41]} 9. e4 {[%clk 1:03:41]} Ne7 {[%clk
1:23:44]} 10. b3 {[%clk 0:59:48]} e5 {[%clk 1:19:01]} 11. d5 {[%clk 0:57:08]}
O-O {[%clk 1:10:05]} 12. Bb2 {[%clk 0:56:33]} Nf6 {[%clk 1:05:18]} 13. Nh4
{[%clk 0:51:53]} Bc8 {[%clk 0:59:34]} 14. f4 Ng4 {[%clk 0:55:29]} 15. Qd2
{[%clk 0:46:37]} exf4 {[%clk 0:51:45]} 16. gxf4 {[%clk 0:46:15]} Kh7 {[%clk
0:36:00]} 17. h3 {[%clk 0:43:04]} Nf6 {[%clk 0:35:15]} 18. Ne2 {[%clk 0:36:12]}
Nh5 {[%clk 0:32:28]} 19. Bxg7 {[%clk 0:34:23]} Nxg7 {[%clk 0:32:08]} 20. Nf3
{[%clk 0:33:19]} f6 {[%clk 0:30:13]} 21. e5 {[%clk 0:31:00]} fxe5 {[%clk
0:28:10]} 22. fxe5 {[%clk 0:31:17]} dxe5 {[%clk 0:27:43]} 23. Nxe5 {[%clk
0:30:53]} Bf5 {[%clk 0:19:46]} 24. Nd4 {[%clk 0:25:37]} Qd6 {[%clk 0:17:52]}
25. Rae1 {[%clk 0:20:28]} Rae8 {[%clk 0:15:07]} 26. Nb5 {[%clk 0:18:41]} Qc5+
{[%clk 0:14:21]} 27. Qd4 {[%clk 0:13:59]} Qxd4+ {[%clk 0:12:56]} 28. Nxd4
{[%clk 0:14:24]} a6 {[%clk 0:12:21]} 29. Nec6 {[%clk 0:10:26]} Nc8 {[%clk
0:10:40]} 30. Nb4 {[%clk 0:09:00]} a5 {[%clk 0:07:52]} 31. Na6 {[%clk 0:07:41]}
Rxe1 {[%clk 0:07:55]} 32. Rxe1 {[%clk 0:08:00]} Ne8 {[%clk 0:08:07]} 33. Nb5
{[%clk 0:08:09]} Ncd6 {[%clk 0:06:59]} 34. Naxc7 {[%clk 0:07:45]} Nxc7 {[%clk
0:06:03]} 35. Re7+ {[%clk 0:06:27]} Rf7 {[%clk 0:05:56]} 36. Rxf7+ {[%clk
0:06:14]} Nxf7 {[%clk 0:06:17]} 37. Nxc7 {[%clk 0:06:40]} Bb1 {[%clk 0:06:09]}
38. Na8 {[%clk 0:06:08]} Bxa2 {[%clk 0:06:13]} 39. Nxb6 {[%clk 0:06:18]} Bxb3
{[%clk 0:06:27]} 40. c5 {[%clk 0:04:47]} a4 {[%clk 0:05:53]} 41. Nxa4 {[%clk
0:04:57]} Bxa4 {[%clk 0:06:16]} 42. c6 {[%clk 0:05:13]} Kg7 {[%clk 0:05:17]}
43. Be4 {[%clk 0:02:57]} Kf6 {[%clk 0:04:07]} 1/2-1/2

[Event "DVM U20w 2017"]
[Site "Düsseldorf GER"]
[Date "2017.12.28"]
[Round "3"]
[White "Mylke, Sandy-Michelle"]
[Black "Oswald, Lena"]
[Result "0-1"]
[Termination "normal"]
[Board "1.4"]
[WhiteElo "1350"]
[BlackElo "1670"]
[WhiteClock "01:08:13"]
[BlackClock "00:23:53"]
[WhiteTeam "Leegebrucher SF"]
[BlackTeam "SG Leipzig"]
[PlyCount "102"]
[WhiteFideId "16235045"]
[BlackFideId "12983314"]
[EventCountry "GER"]
[EventRounds "7"]
[EventType "team-round robin"]
[EventDate "2017.12.26"]

1. d4 {[%clk 1:30:58]} d5 {[%clk 1:30:51]} 2. e3 {[%clk 1:31:18]} e6 {[%clk
1:30:47]} 3. c3 {[%clk 1:31:34]} Nf6 {[%clk 1:30:56]} 4. Bd3 {[%clk 1:31:42]}
Be7 {[%clk 1:31:07]} 5. f4 {[%clk 1:31:48]} c5 {[%clk 1:28:20]} 6. Nf3 {[%clk
1:31:49]} c4 {[%clk 1:26:15]} 7. Bc2 {[%clk 1:32:10]} O-O {[%clk 1:25:19]} 8.
O-O {[%clk 1:32:30]} Nc6 {[%clk 1:19:28]} 9. Nbd2 {[%clk 1:31:33]} b5 {[%clk
1:08:36]} 10. Ne5 {[%clk 1:28:09]} Qc7 {[%clk 1:03:38]} 11. Rf3 {[%clk
1:27:20]} Re8 {[%clk 0:59:47]} 12. Rh3 {[%clk 1:26:36]} g6 {[%clk 0:58:41]} 13.
Qf3 {[%clk 1:22:35]} b4 {[%clk 0:51:00]} 14. g4 {[%clk 1:22:19]} Nb8 {[%clk
0:35:33]} 15. g5 {[%clk 1:21:32]} Nfd7 {[%clk 0:35:55]} 16. Qg4 {[%clk
1:20:21]} Nf8 {[%clk 0:34:46]} 17. Ndf3 {[%clk 1:18:37]} Nbd7 {[%clk 0:31:15]}
18. Qh4 {[%clk 1:15:20]} Rd8 {[%clk 0:24:51]} 19. Qh6 {[%clk 1:12:06]} bxc3
{[%clk 0:24:13]} 20. bxc3 {[%clk 1:10:53]} Rb8 {[%clk 0:22:08]} 21. Nh4 {[%clk
1:09:59]} Nxe5 {[%clk 0:22:10]} 22. fxe5 {[%clk 1:10:15]} Qa5 {[%clk 0:19:30]}
23. Bd2 {[%clk 1:09:18]} Rb2 {[%clk 0:19:20]} 24. Nxg6 {[%clk 1:06:24]} fxg6
{[%clk 0:19:36]} 25. Bxg6 {[%clk 1:06:36]} hxg6 {[%clk 0:19:56]} 26. Qh8+
{[%clk 1:06:47]} Kf7 {[%clk 0:20:17]} 27. Rf1+ {[%clk 1:06:56]} Ke8 {[%clk
0:20:38]} 28. Rhf3 {[%clk 1:05:33]} Kd7 {[%clk 0:17:47]} 29. Be1 {[%clk
1:02:51]} Re8 {[%clk 0:14:54]} 30. Qg7 {[%clk 1:01:42]} Qd8 {[%clk 0:14:20]}
31. h4 {[%clk 1:01:04]} Kc6 {[%clk 0:12:23]} 32. Qf7 {[%clk 0:56:46]} Rxa2
{[%clk 0:11:18]} 33. Qf4 {[%clk 0:55:45]} a5 {[%clk 0:09:45]} 34. e4 {[%clk
0:55:15]} Ra3 {[%clk 0:08:13]} 35. Bd2 {[%clk 0:53:23]} a4 {[%clk 0:07:59]} 36.
Re3 {[%clk 0:50:06]} Rb3 {[%clk 0:07:44]} 37. Ree1 {[%clk 0:50:09]} a3 {[%clk
0:07:40]} 38. Ra1 {[%clk 0:50:10]} dxe4 {[%clk 0:05:31]} 39. Qxe4+ {[%clk
0:49:18]} Qd5 {[%clk 0:05:56]} 40. Qe2 {[%clk 0:48:32]} Nd7 {[%clk 0:05:16]}
41. h5 {[%clk 0:48:30]} gxh5 {[%clk 0:05:03]} 42. Qxh5 {[%clk 0:48:34]} Rf8
{[%clk 0:02:33]} 43. g6 {[%clk 0:47:31]} Rxf1+ {[%clk 0:01:36]} 44. Kxf1 {[%clk
0:47:36]} Bf8 {[%clk 0:00:54]} 45. Kg1 {[%clk 0:44:06]} Rb2 {[%clk 0:28:29]}
46. Qd1 {[%clk 1:13:53]} Nb6 {[%clk 0:27:17]} 47. Qc1 {[%clk 1:12:34]} Qe4
{[%clk 0:24:17]} 48. Kf1 {[%clk 1:10:13]} Qxg6 {[%clk 0:24:20]} 49. Ke2 {[%clk
1:08:44]} Qg2+ {[%clk 0:23:29]} 50. Kd1 {[%clk 1:08:00]} Qf1+ {[%clk 0:23:53]}
51. Be1 {[%clk 1:08:13]} Qf4 0-1

[Event "DVM U20w 2017"]
[Site "Düsseldorf GER"]
[Date "2017.12.28"]
[Round "3"]
[White "Miljkovic, Jovana"]
[Black "Gatzke, Carolin"]
[Result "1-0"]
[Termination "normal"]
[Board "2.1"]
[WhiteTitle "WFM"]
[WhiteElo "1882"]
[BlackElo "1787"]
[WhiteClock "00:24:53"]
[BlackClock "00:27:18"]
[WhiteTeam "SV Lingen"]
[BlackTeam "Karlsruher SF"]
[PlyCount "83"]
[WhiteFideId "958336"]
[BlackFideId "12943746"]
[EventCountry "GER"]
[EventRounds "7"]
[EventType "team-round robin"]
[EventDate "2017.12.26"]

1. Nf3 {[%clk 1:30:58]} Nf6 {[%clk 1:30:51]} 2. c4 {[%clk 1:31:24]} c5 {[%clk
1:31:01]} 3. Nc3 {[%clk 1:31:46]} e6 {[%clk 1:31:11]} 4. g3 {[%clk 1:32:01]} b6
{[%clk 1:30:57]} 5. Bg2 {[%clk 1:32:23]} Bb7 {[%clk 1:31:15]} 6. O-O {[%clk
1:32:47]} Be7 {[%clk 1:30:38]} 7. Re1 {[%clk 1:33:10]} O-O {[%clk 1:28:07]} 8.
e4 {[%clk 1:33:35]} d6 {[%clk 1:27:07]} 9. d4 {[%clk 1:33:55]} cxd4 {[%clk
1:27:31]} 10. Nxd4 {[%clk 1:34:17]} Qc8 {[%clk 1:23:04]} 11. b3 {[%clk
1:30:05]} Nc6 {[%clk 1:20:51]} 12. Nc2 {[%clk 1:26:11]} Rd8 {[%clk 1:17:39]}
13. Bb2 {[%clk 1:22:59]} a6 {[%clk 1:14:56]} 14. Ne3 {[%clk 1:18:44]} Qc7
{[%clk 1:10:50]} 15. Rc1 {[%clk 1:17:53]} Ne5 {[%clk 1:09:23]} 16. Qe2 {[%clk
1:10:35]} Rac8 {[%clk 1:08:12]} 17. f4 {[%clk 1:08:35]} Ned7 {[%clk 1:04:37]}
18. f5 {[%clk 0:57:26]} e5 {[%clk 1:01:04]} 19. b4 {[%clk 0:50:30]} Qb8 {[%clk
0:54:43]} 20. Bf3 {[%clk 0:44:23]} Bf8 {[%clk 0:43:56]} 21. g4 {[%clk 0:38:30]}
h6 {[%clk 0:42:50]} 22. h4 {[%clk 0:38:34]} Nh7 {[%clk 0:42:26]} 23. Qg2 {[%clk
0:34:59]} Be7 {[%clk 0:40:42]} 24. Qh1 {[%clk 0:35:16]} Re8 {[%clk 0:39:39]}
25. Re2 {[%clk 0:34:56]} b5 {[%clk 0:36:21]} 26. cxb5 {[%clk 0:31:35]} axb5
{[%clk 0:36:22]} 27. Rce1 {[%clk 0:29:01]} g5 {[%clk 0:27:54]} 28. Ned5 {[%clk
0:24:31]} Bd8 {[%clk 0:24:36]} 29. Bc1 {[%clk 0:24:45]} gxh4 {[%clk 0:23:12]}
30. Bxh6 {[%clk 0:23:29]} Ng5 {[%clk 0:21:10]} 31. Bg2 {[%clk 0:18:26]} Kh7
{[%clk 0:19:45]} 32. f6 {[%clk 0:16:45]} Rxc3 {[%clk 0:11:56]} 33. Qxh4 {[%clk
0:09:36]} Rh3 {[%clk 0:10:20]} 34. Qxg5 {[%clk 0:08:23]} Qa7+ {[%clk 0:09:21]}
35. Re3 {[%clk 0:07:42]} Rg8 {[%clk 0:09:07]} 36. Qf5+ {[%clk 0:07:44]} Rg6
{[%clk 0:09:10]} 37. Bxh3 {[%clk 0:04:37]} Bxd5 {[%clk 0:08:16]} 38. exd5
{[%clk 0:03:31]} Bb6 {[%clk 0:07:18]} 39. Kh1 {[%clk 0:01:16]} Bxe3 {[%clk
0:02:29]} 40. Bxe3 {[%clk 0:01:28]} Qb7 {[%clk 0:02:31]} 41. g5 {[%clk
0:26:13]} Nb6 {[%clk 0:27:18]} 42. Qf3 {[%clk 0:24:53]} 1-0

[Event "DVM U20w 2017"]
[Site "Düsseldorf GER"]
[Date "2017.12.28"]
[Round "3"]
[White "Grining, Maria"]
[Black "Schlichter, Lisa"]
[Result "1/2-1/2"]
[Termination "normal"]
[Board "2.2"]
[WhiteElo "1639"]
[BlackElo "1669"]
[WhiteClock "00:20:33"]
[BlackClock "00:11:45"]
[WhiteTeam "Karlsruher SF"]
[BlackTeam "SV Lingen"]
[PlyCount "100"]
[WhiteFideId "16235037"]
[BlackFideId "12926396"]
[EventCountry "GER"]
[EventRounds "7"]
[EventType "team-round robin"]
[EventDate "2017.12.26"]

1. Nf3 {[%clk 1:30:54]} d5 {[%clk 1:30:35]} 2. c4 {[%clk 1:31:01]} e6 {[%clk
1:30:43]} 3. g3 {[%clk 1:30:42]} Nf6 {[%clk 1:30:33]} 4. Bg2 {[%clk 1:30:24]}
Be7 {[%clk 1:29:50]} 5. O-O {[%clk 1:30:20]} O-O {[%clk 1:28:39]} 6. b3 {[%clk
1:29:46]} Nbd7 {[%clk 1:25:56]} 7. Bb2 {[%clk 1:25:19]} b6 {[%clk 1:17:14]} 8.
d3 {[%clk 1:23:07]} Bb7 {[%clk 1:13:43]} 9. Nbd2 {[%clk 1:22:54]} Rc8 {[%clk
1:09:45]} 10. Rc1 {[%clk 1:15:41]} c5 {[%clk 1:07:28]} 11. d4 {[%clk 1:04:46]}
Ba6 {[%clk 1:00:09]} 12. Re1 {[%clk 0:51:03]} b5 {[%clk 0:48:31]} 13. cxb5
{[%clk 0:44:54]} Bxb5 {[%clk 0:48:41]} 14. Ne5 {[%clk 0:42:57]} Qb6 {[%clk
0:39:40]} 15. Ndf3 {[%clk 0:37:03]} cxd4 {[%clk 0:38:21]} 16. Nxd7 {[%clk
0:33:58]} Bxd7 {[%clk 0:34:02]} 17. Bxd4 {[%clk 0:32:25]} Bc5 {[%clk 0:27:57]}
18. Bxc5 {[%clk 0:31:58]} Rxc5 {[%clk 0:28:17]} 19. Rxc5 {[%clk 0:31:25]} Qxc5
{[%clk 0:28:39]} 20. Qc1 {[%clk 0:25:52]} Rc8 {[%clk 0:27:06]} 21. Qxc5 {[%clk
0:23:50]} Rxc5 {[%clk 0:27:29]} 22. Ne5 {[%clk 0:21:16]} Bb5 {[%clk 0:26:28]}
23. a4 {[%clk 0:20:14]} Ba6 {[%clk 0:24:58]} 24. b4 {[%clk 0:19:16]} Rc2 {[%clk
0:24:17]} 25. b5 {[%clk 0:18:57]} Bb7 {[%clk 0:23:29]} 26. Nd3 {[%clk 0:17:03]}
Kf8 {[%clk 0:22:26]} 27. Rc1 {[%clk 0:15:49]} Rxc1+ {[%clk 0:21:48]} 28. Nxc1
{[%clk 0:16:12]} Ke7 {[%clk 0:21:41]} 29. Nb3 {[%clk 0:14:47]} Kd6 {[%clk
0:19:36]} 30. e3 {[%clk 0:12:43]} Nd7 {[%clk 0:17:00]} 31. a5 {[%clk 0:08:22]}
Nc5 {[%clk 0:15:03]} 32. Nd4 {[%clk 0:08:20]} Kc7 {[%clk 0:12:00]} 33. a6
{[%clk 0:07:12]} Bc8 34. f4 {[%clk 0:04:24]} Kb6 {[%clk 0:07:57]} 35. Bf1
{[%clk 0:04:14]} Bd7 {[%clk 0:07:15]} 36. Kg2 {[%clk 0:03:23]} Ne4 {[%clk
0:06:29]} 37. Bd3 {[%clk 0:03:08]} Nc3 {[%clk 0:03:57]} 38. Nf3 {[%clk
0:01:01]} Bxb5 {[%clk 0:03:01]} 39. Bxh7 {[%clk 0:00:46]} f6 {[%clk 0:01:27]}
40. Nd4 {[%clk 0:00:37]} Bd7 {[%clk 0:01:03]} 41. Bg8 {[%clk 0:26:15]} e5
{[%clk 0:24:55]} 42. fxe5 {[%clk 0:25:22]} fxe5 {[%clk 0:25:17]} 43. Ne6 {[%clk
0:24:34]} Bxe6 {[%clk 0:17:36]} 44. Bxe6 {[%clk 0:25:00]} Kxa6 {[%clk 0:17:48]}
45. h4 {[%clk 0:24:34]} Kb5 {[%clk 0:16:53]} 46. g4 {[%clk 0:24:05]} a5 {[%clk
0:14:02]} 47. h5 {[%clk 0:22:41]} a4 {[%clk 0:13:06]} 48. Bd7+ {[%clk 0:21:43]}
Kc5 {[%clk 0:12:52]} 49. Bxa4 {[%clk 0:21:29]} Ne4 {[%clk 0:12:02]} 50. Bc2
{[%clk 0:20:33]} Ng5 {[%clk 0:11:45]} 1/2-1/2

[Event "DVM U20w 2017"]
[Site "Düsseldorf GER"]
[Date "2017.12.28"]
[Round "3"]
[White "Möller, Hannah"]
[Black "Bykov, Ilona"]
[Result "1-0"]
[Termination "normal"]
[Board "2.3"]
[WhiteElo "1636"]
[BlackElo "1468"]
[WhiteClock "00:43:32"]
[BlackClock "00:01:02"]
[WhiteTeam "SV Lingen"]
[BlackTeam "Karlsruher SF"]
[PlyCount "75"]
[WhiteFideId "1270514"]
[BlackFideId "12964433"]
[EventCountry "GER"]
[EventRounds "7"]
[EventType "team-round robin"]
[EventDate "2017.12.26"]

1. Nf3 {[%clk 1:30:58]} Nf6 {[%clk 1:30:44]} 2. g3 {[%clk 1:31:23]} d5 {[%clk
1:31:03]} 3. Bg2 {[%clk 1:31:48]} e6 {[%clk 1:31:18]} 4. O-O {[%clk 1:32:11]}
Be7 {[%clk 1:31:41]} 5. c4 {[%clk 1:31:56]} O-O {[%clk 1:31:27]} 6. d4 {[%clk
1:32:04]} c5 {[%clk 1:31:05]} 7. Nc3 {[%clk 1:29:18]} Nc6 {[%clk 1:30:04]} 8.
a3 {[%clk 1:27:00]} Re8 {[%clk 1:27:07]} 9. Bf4 {[%clk 1:26:46]} a6 {[%clk
1:23:59]} 10. Rb1 {[%clk 1:21:34]} dxc4 {[%clk 1:14:27]} 11. dxc5 {[%clk
1:21:14]} Bxc5 {[%clk 1:08:29]} 12. Nd2 e5 {[%clk 0:44:14]} 13. Bg5 {[%clk
1:20:13]} Be6 {[%clk 0:41:07]} 14. Rc1 {[%clk 1:18:49]} Be7 {[%clk 0:32:05]}
15. Bxf6 {[%clk 1:18:15]} Bxf6 {[%clk 0:31:57]} 16. Nce4 {[%clk 1:18:39]} Rb8
17. Nxf6+ {[%clk 1:18:20]} Qxf6 {[%clk 0:28:38]} 18. Nxc4 {[%clk 1:18:33]} Red8
{[%clk 0:26:55]} 19. Qe1 Bd5 20. Qc3 {[%clk 1:11:44]} Bxg2 {[%clk 0:19:50]} 21.
Kxg2 {[%clk 1:12:08]} Nd4 {[%clk 0:18:21]} 22. Qe3 {[%clk 1:11:10]} Re8 {[%clk
0:14:32]} 23. Rfd1 {[%clk 1:09:12]} Nc6 {[%clk 0:10:43]} 24. Rd7 {[%clk
1:06:18]} Nd4 {[%clk 0:07:54]} 25. Nd2 {[%clk 1:00:12]} Red8 {[%clk 0:06:51]}
26. Rxd8+ {[%clk 0:59:27]} Rxd8 {[%clk 0:07:17]} 27. Nb3 {[%clk 0:57:17]} Nxb3
{[%clk 0:04:01]} 28. Qxb3 {[%clk 0:57:38]} b6 {[%clk 0:04:30]} 29. Qc4 {[%clk
0:54:42]} b5 {[%clk 0:04:43]} 30. Qc7 {[%clk 0:52:54]} h6 {[%clk 0:04:52]} 31.
Rc6 {[%clk 0:52:26]} Qg5 {[%clk 0:05:18]} 32. Rxa6 {[%clk 0:50:35]} Qd2 {[%clk
0:05:36]} 33. Qxe5 {[%clk 0:49:22]} Qd7 {[%clk 0:03:01]} 34. Rb6 {[%clk
0:46:01]} Rc8 {[%clk 0:01:34]} 35. Qxb5 {[%clk 0:44:03]} Qe7 {[%clk 0:01:31]}
36. Qd3 {[%clk 0:43:24]} Rd8 {[%clk 0:01:07]} 37. Qf3 {[%clk 0:43:32]} Rf8
{[%clk 0:01:02]} 38. b4 1-0